Failure of Materials in Mechanical Design (Record no. 8126)
[ view plain ]
| 000 -LEADER | |
|---|---|
| fixed length control field | 01183cam a22002054a 4500 |
| 005 - ΗΜΕΡΟΜΗΝΙΑ ΚΑΙ ΩΡΑ ΤΕΛΕΥΤΑΙΑΣ ΕΝΗΜΕΡΩΣΗΣ | |
| Πεδίο ελέγχου | 20250605164327.0 |
| 008 - FIXED-LENGTH DATA ELEMENTS--GENERAL INFORMATION | |
| Πεδίο ελέγχου σταθερού μήκους | 250528s ||||||||||||||||||||||||d |
| 035 ## - SYSTEM CONTROL NUMBER | |
| System control number | 23096 |
| 020 ## - ISBN | |
| ISBN | 471558915 |
| 040 ## - ΠΗΓΗ ΚΑΤΑΛΟΓΟΓΡΑΦΗΣΗΣ | |
| Φορέας πρωτότυπης καταλογογράφησης | MC Athens Campus Library |
| Γλώσσα καταλογογράφησης | Ελληνικά, Μοντέρνα (1453-) |
| Modifying agency | MC Athens Campus Library |
| Κανόνες περιγραφικής καταλογογράφησης | AACR2 |
| 245 1# - ΤΙΤΛΟΣ ΚΑΙ ΔΗΛΩΣΗ ΥΠΕΥΘΥΝΟΤΗΤΑΣ | |
| Τίτλος | Failure of Materials in Mechanical Design |
| 250 ## - EDITION STATEMENT | |
| Edition statement | 2nd |
| 260 ## - PUBLICATION, DISTRIBUTION, ETC. | |
| Name of publisher, distributor, etc. | John Wiley & Sons, |
| Date of publication, distribution, etc. | 1993 |
| 300 ## - PHYSICAL DESCRIPTION | |
| Extent | 656 |
| 520 ## - SUMMARY, ETC. | |
| Summary, etc. | The Role of Failure Prevention Analysis in Mechanical Design, Modes of Mechanical Failure, Strength and Deformation of Engineering Metals, State of Stress, Relationships Between Stress and Strain, Combined Stress Theories of Failure and Their Use in Design, High Cycle Fatigue, Concepts of Cumulative Damage and Life and Prediction and Fracture Control, Use of Statistics in Fatigue Analysis, Fatigue Testing Procedures and Statistical Interpretations of Data, Low Cycle Fatigue, Stress Concentration, Creep and Stress Rupture and Fatigue, Fretting and Fretting Fatigue and Fretting Wear, Shock and Impact, Bucking and Instability, Wear and Corrosion and Other Important Failure Modes, Index. |
| 700 1# - ΠΡΟΣΘΕΤΗ ΑΝΑΓΡΑΦΗ--ΦΥΣΙΚΟ ΠΡΟΣΩΠΟ | |
| Personal name | Collins Jack A |
| 9 (RLIN) | 8650 |
| 942 ## - ADDED ENTRY ELEMENTS (KOHA) | |
| Koha item type | Books |
| Τύπος τεκμηρίου | Βιβλιοθήκη | Τρέχουσα τοποθεσία | Barcode | Αριθμός εισαγωγής | Ημερομηνία απόκτησης | Ταξιθετικό σύμβολο | Αριθμός αντιτύπου | Κατάσταση απόσυρσης | Κατάσταση χαμένου | Κατάσταση κατεστραμμένου | Μη δανεισμός | Σύνολο δανεισμών | Ημερομηνία τελευταίας εμφάνισης | Η τιμή ισχύει από |
|---|---|---|---|---|---|---|---|---|---|---|---|---|---|---|
| Books | MC Athens Campus Library | MC Athens Campus Library | 9780000081254 | 7516 | 05/06/2025 | 620.1/12 COL | 1 | 05/06/2025 | 05/06/2025 |